000 01235cam a2200337 a 4500
001 13198605
003 GBCCL
005 20241126110343.0
008 030515s2002 tnu b 000 0 eng d
010 _a 2003544763
020 _a0805494642
035 _a(OCoLC)ocm51451501
040 _aTNE
_cTNE
_dDLC
042 _alccopycat
050 0 0 _aBS1295.53
_b.G36 2002
082 0 0 _a221.7
_222
_bHOL
100 1 _aGangel, Kenneth O.
245 1 0 _aJoshua /
_cgeneral editor, Max Anders; author, Kenneth O. Gangel.
260 _aNashville, Tenn. :
_bBroadman & Holman,
_cc2002.
300 _axiii, 328 p. ;
_c25 cm.
440 0 _aHolman Old Testament commentary ;
_vv. 4
440 0 _aHolman reference
504 _aIncludes bibliographic references (p. 327-328).
630 0 0 _aBible.
_pJoshua
_vCommentaries.
700 1 _aAnders, Max E.,
_d1947-
856 4 1 _3Table of contents
_uhttp://www.loc.gov/catdir/toc/fy042/2003544763.html
856 4 2 _3Publisher description
_uhttp://www.loc.gov/catdir/enhancements/fy1003/2003544763-d.html
906 _a7
_bcbc
_ccopycat
_d2
_encip
_f20
_gy-gencatlg
942 _2ddc
_cREF
999 _c653
_d653